000 00675nam a22002417a 4500
003 UA-OsUOA
001 95617
007 ta
008 20130305b un ||||| |||| 00| 0 ukr d
100 _aКатерли Н.
090 _a821.161.1
_bК29
942 _cBK
040 _aUA-OsUOA
_brus
_cUA-OsUOA
_dUA-OsUOA
245 _aЦветные открытки
_bрассказы и повести
300 _a304 с.
955 _a3
041 _arus
080 _a821.161.1
260 _aЛенинград
_bСоветский писатель
_c1987
044 _aRU
650 7 _a82 Література. Літературознавство
_2UDC
999 _c381866
_d381866